000 nam a22 7a 4500
999 _c18165
_d18163
001 25101
003 OSt
005 20220105144555.0
008 220105b xxu||||| |||| 00| 0 eng d
020 _a0000
040 _cDDC
082 _aR/291.13 HAM
100 _4Edith Hamilton
245 _aMy Thology
_cEdith Hamilton
260 _aNew York
_bNew American Library
_c1942
300 _a335 P, :
_c19 cm
942 _2ddc
_cBK